MARC details
| 000 -LEADER |
| fixed length control field |
01329nam a2200349 a 4500 |
| 001 - CONTROL NUMBER |
| control field |
vtls000189005 |
| 003 - CONTROL NUMBER IDENTIFIER |
| control field |
NLI |
| 005 - DATE AND TIME OF LATEST TRANSACTION |
| control field |
20210602111625.0 |
| 008 - FIXED-LENGTH DATA ELEMENTS--GENERAL INFORMATION |
| fixed length control field |
101125s1994 enka 001 0 eng |
| 020 ## - INTERNATIONAL STANDARD BOOK NUMBER |
| International Standard Book Number |
0631189130 : |
| Terms of availability |
PND 30.00 |
| 039 #9 - LEVEL OF BIBLIOGRAPHIC CONTROL AND CODING DETAIL [OBSOLETE] |
| -- |
201011252243 |
| -- |
VLOAD |
| 040 0# - CATALOGING SOURCE |
| Original cataloging agency |
NLI |
| Language of cataloging |
eng |
| Transcribing agency |
Datasoft 1 |
| Description conventions |
AACR2 |
| 041 0# - LANGUAGE CODE |
| Language code of text/sound track or separate title |
eng |
| 044 ## - COUNTRY OF PUBLISHING/PRODUCING ENTITY CODE |
| MARC country code |
enk |
| 082 04 - DEWEY DECIMAL CLASSIFICATION NUMBER |
| Classification number |
332.1028 |
| 245 00 - TITLE STATEMENT |
| Title |
Electronic banking and security : |
| Remainder of title |
a guide for corporate and financial managers / |
| Statement of responsibility, etc. |
edited by Brian Welch |
| 260 ## - PUBLICATION, DISTRIBUTION, ETC. |
| Place of publication, distribution, etc. |
Oxford : |
| Name of publisher, distributor, etc. |
Blackwell, |
| Date of publication, distribution, etc. |
c1994 |
| 300 ## - PHYSICAL DESCRIPTION |
| Extent |
xvii, 194 p. : |
| Other physical details |
ill. ; |
| Dimensions |
24 cm. |
| 500 ## - GENERAL NOTE |
| General note |
"The Association of Corporate Treasurers." |
| 500 ## - GENERAL NOTE |
| General note |
Spine title: Electronic banking & security |
| 504 ## - BIBLIOGRAPHY, ETC. NOTE |
| Bibliography, etc. note |
Includes bibliographical references and index |
| 650 #0 - SUBJECT ADDED ENTRY--TOPICAL TERM |
| Topical term or geographic name entry element |
Electronic funds transfers |
| General subdivision |
Security measures |
| 9 (RLIN) |
288064 |
| 650 #0 - SUBJECT ADDED ENTRY--TOPICAL TERM |
| Topical term or geographic name entry element |
International business enterprises |
| General subdivision |
Finance |
| -- |
Management |
| 9 (RLIN) |
362880 |
| 700 1# - ADDED ENTRY--PERSONAL NAME |
| Personal name |
Welch, Brian, |
| Relationship |
edt |
| 9 (RLIN) |
362881 |
| 710 2# - ADDED ENTRY--CORPORATE NAME |
| Corporate name or jurisdiction name as entry element |
Association of Corporate Treasurers (Great Britain) |
| 9 (RLIN) |
362882 |
| 887 ## - NON-MARC INFORMATION FIELD |
| Content of non-MARC field |
|
| 901 ## - LOCAL DATA ELEMENT A, LDA (RLIN) |
| a |
524075 |
| b |
13.03.1995 |
| 902 ## - LOCAL DATA ELEMENT B, LDB (RLIN) |
| a |
E 332.1028 El 25 |
| 942 ## - ADDED ENTRY ELEMENTS (KOHA) |
| Source of classification or shelving scheme |
Dewey Decimal Classification |
| Koha item type |
Books |
| 949 ## - LOCAL PROCESSING INFORMATION (OCLC) |
| -- |
VIRTUAITEM |
| -- |
10000 |
| -- |
100 |
| 6 |
PUR000524075ENG |